| 000 | 00599nam a22001577a 4500 | ||
|---|---|---|---|
| 999 |
_c61428 _d61428 |
||
| 005 | 20240313091316.0 | ||
| 008 | 240313s1982 ru ||||| |||| 00| 0 rus d | ||
| 041 | _arus | ||
| 080 | _a572.1/4(031) E-51 | ||
| 100 |
_aЕлинек, Ян. _921397 |
||
| 245 |
_aБольшой иллюстрированный атлас первобытного человека / _cЯн Елинек. |
||
| 264 |
_aПрага : _bАртия, _c1972. |
||
| 300 |
_a560 с. : _bил. ; _c22 см. |
||
| 653 | _aადამიანის წარმოშობა და ევოლუცია | ||
| 942 |
_2udc _cBK |
||